000 00425nam a2200169Ia 4500
008 090711s9999 xx 000 0 und d
082 _b60320
100 _aदेसाई रणजित
245 _aबारी
260 _c1988
300 _a202
600 _aदेसाई रणजित
630 _aबारी
700 _aदेसाई रणजित
730 _aबारी
942 _cBOOK
999 _c293465
_d293465